Statistics for Famous People Named Julius

Click here to take the quiz!

General Stats

  • This quiz has been taken 113 times
  • The average score is 9 of 18

Answer Stats

ClueAnswer% Correct
Died on Ides of MarchJulius Caesar
97%
"Pretty Woman" starJulia Roberts
86%
Spanish singer, father to EnriqueJulio Iglesias
82%
"Marry Poppins"Julie Andrews
81%
"20,000 Leagues Under the Sea"Jules Verne
68%
Romeo's girlfriendJuliet Capulet
64%
WikiLeaks founderJulian Assange
62%
"Seinfeld" actressJulia Louis-Dreyfus
48%
American cooking teacher
depicted by Meryl Streep in 2009
Julia Child
46%
Convicted Soviet spy murdered
with his wife Ethel
Julius Rosenberg
40%
She is "Still Alice"Julianne Moore
34%
"Darling" and "Dr. Zhivago" starJulie Christie
28%
Australian female Prime MinisterJulia Gillard
27%
"10 Things I Hate About You"Julia Stiles
25%
New England Patriots wide receiverJulian Edelman
23%
Atlanta Falcons wide receiverJulio Jones
19%
Mexican boxer who started
his career 87-0
Julio César
Chávez
16%
Italian PM who served in three
different occasions
Giulio Andreotti
5%

Score Distribution

Percentile by Number Answered

Percent of People with Each Score

Your Score History

You have not taken this quiz